000 00605nam a2200241Ia 4500
001 32828
005 20240114001621.0
007 ta
008 061120s1946 g b000 u 346 u
040 _aCotton College,Assam
041 _a346
082 _a294.582
_bAu 68 Y
100 _aAurobindo , .
245 0 _aYogsadhana O Joger Uddeshya /
_cAurobindo.
_hTextual Documents
250 _a1st ed. /
260 _aCalcutta :
_bGita Prasar Karyalay ,
_c1946.
300 _a49p. ;
653 _aYoga
653 _aG-Religion
942 _2ddc
_cBK
999 _c32810
_d32810